<?xml version="1.0" encoding="UTF-8"?>
<marc:record xmlns:marc="http://www.loc.gov/MARC21/slim">
   <marc:leader>00000nam a2200000 a 4500</marc:leader>
   <marc:datafield ind1="1" ind2=" " tag="100">
      <marc:subfield code="a">Gerhardt, Sven</marc:subfield>
      <marc:subfield code="4">aut</marc:subfield>
      <marc:subfield code="e">Verfasser/-in</marc:subfield>
   </marc:datafield>
   <marc:datafield ind1="0" ind2="0" tag="245">
      <marc:subfield code="a">Minna Melone</marc:subfield>
   </marc:datafield>
   <marc:datafield ind1="0" ind2="0" tag="245">
      <marc:subfield code="b">wundersame Geschichten aus dem Wahrlichwald</marc:subfield>
   </marc:datafield>
   <marc:datafield ind1="0" ind2="0" tag="245">
      <marc:subfield code="c">Sven Gerhardt ; mit Illustrationen von Mareike Ammersken</marc:subfield>
   </marc:datafield>
   <marc:datafield ind1=" " ind2="1" tag="264">
      <marc:subfield code="a">München</marc:subfield>
      <marc:subfield code="b">cbj</marc:subfield>
      <marc:subfield code="c">2022</marc:subfield>
   </marc:datafield>
   <marc:datafield ind1="1" ind2=" " tag="520">
      <marc:subfield code="a">Quelle: bn.bibliotheksnachrichten (http://www.biblio.at/literatur/bn/index.html); #Autor: Sabine Eidenberger; #Wunderbare Vorlesegeschichten, die jeden Tag ein neues Abenteuer bereithalten. (ab 6) (JE)#Minna Melone ist eine Wanderratte. Als sie im Wahrlichwald auftaucht, sind die Bewohner zunächst misstrauisch. Wanderratten riechen ja streng und sie, naja, wandern. So sind die Wahrlichwald-Leute nicht. Sie leben ihr ruhiges Leben, reparieren Gartenzäune, putzen, waschen Wäsche und wollen keine Abenteuer. Zunächst bemerkt überhaupt nur das Eichhörnchen Zara, was da vor sich geht  nämlich etwas Wunderbares: Minna Melone holt aus ihrem Bollerwagen eine Bühne und baut sie im Wald auf! »Jeden Tag Abenteuer« steht darauf geschrieben. Und so gibt es eine kurze Vorlesegeschichte für jeden Tag  prächtig gestaltet von der Illustratorin Mareike Ammersken können die kleinen Zuhörer*innen tief eintauchen in die wunderbare Welt der Geschichten. Sie hören vom Mond, der einem den Weg weisen kann, von unsichtbaren Piraten, Kraken-Schwertfischen, kleinen Heulern und vielem mehr. So wie die Bewohner des Wahrlichwalds lernen auch die Kinder, dass man sich auf Fremdes einlassen muss, um Neues zu lernen.#Schöne Geschichten in kurzen Kapiteln sind perfekt für Zuhörer*innen ab 6 Jahren, die Geschichten werden aber auch von älteren Kindern, die sich für Fantasiegeschichten interessieren, sicher gerne selber gelesen. Für alle Bestände zu empfehlen.</marc:subfield>
   </marc:datafield>
   <marc:datafield ind1=" " ind2=" " tag="020">
      <marc:subfield code="a">9783570179598</marc:subfield>
      <marc:subfield code="9">9783570179598</marc:subfield>
   </marc:datafield>
   <marc:datafield ind1=" " ind2=" " tag="041">
      <marc:subfield code="a">ger</marc:subfield>
   </marc:datafield>
   <marc:datafield ind1=" " ind2=" " tag="300">
      <marc:subfield code="a">117 Seiten</marc:subfield>
   </marc:datafield>
</marc:record>
